00373nam a2200145Ia 4500003000500000008004100005020001800046040001900064082000700083100001900090245005200109260004600161300000800207546001200215STCL181203s9999 xx 000 0 und d a9780590131643 aSTCLbENcSTCL 222 aOliver, Martin 0aHippo Ghost: The House at the End of Ferry Road bScholastic Children's BooksaLondonc1995 a174 aEnglish